Biodegradácia plastov používaných v stavebníctve

Podrobná bibliografia
Hlavní autori: Vojtuš, Jaroslav (Author), Tóth, Stanislav (Author)
Médium: Článok
Jazyk:Slovak
Témy:
ISBN: 8023202308
Zdroj: 1. Staticko-konštrukčné a stavebno-fyzikálne problémy stavebných konštrukcií : zborník zo VI. konferencie, 24.-26. november 2004 Tatranská Lomnica - Vysoké Tatry 1. Košice : Dom techniky ZSVTS, 2004 1. S. 371-374 1. 8023202308
LEADER 01186naa#a2200397#ar4500
001 000108721
003 SVKKK
005 20120906081409.0
008 120906c2004 xo #|0||||||||0|||b|slo
FMT
015 |a SNBRA2012/09 
038 |a SVKKK 
040 |a SVKKK  |b slo  |e AACR2 
041 0 |a slo  |b eng 
044 |a xo  |c SK 
080 |a 624.011.78  |2 1997 
080 |a 628.4.043  |2 1997 
080 |a 691.175  |2 1997 
090 |a III.220923 
100 1 |a Vojtuš, Jaroslav  |4 aut 
245 1 0 |a Biodegradácia plastov používaných v stavebníctve  |c Jaroslav Vojtuš, Stanislav Tóth 
300 |b Obr., tab. 
504 |a Bibliogr. odkazy 
504 |a Res. angl. 
650 0 4 |a biodegradácia plastov 
650 0 4 |a stavebné objekty 
650 0 4 |a plastový odpad  |x likvidácia 
700 1 |a Tóth, Stanislav  |4 aut 
773 0 |t Staticko-konštrukčné a stavebno-fyzikálne problémy stavebných konštrukcií : zborník zo VI. konferencie, 24.-26. november 2004 Tatranská Lomnica - Vysoké Tatry  |d Košice : Dom techniky ZSVTS, 2004  |g S. 371-374  |z 8023202308 
958 |a NB 
974 |a Ma 
992 |a RZB 
BAS
852 |a SVKKK  |b BIB 
EXP
998 |a SLO